[Event "FIDE World Cup 2025"]
[Site "Goa, India"]
[Date "2025.11.01"]
[Round "1.25"]
[White "Cahaya, Satria Duta"]
[Black "Martirosyan, Haik M."]
[Result "1/2-1/2"]
[TimeControl ": 90 minutes for the first 40 moves, followed by 30 minutes for the rest of the gamewith an increment of 30 seconds per move starting from move 1"]
[WhiteFideId "7124252"]
[BlackFideId "13306553"]
[WhiteElo "2393"]
[BlackElo "2626"]

1. c4 {[%clk 01:30:51]} {[%emt 00:00:08]} e5 {[%clk 01:29:27]} {[%emt
00:01:33]} 2. g3 {[%clk 01:31:15]} {[%emt 00:00:07]} Nf6 {[%clk 01:29:03]}
{[%emt 00:00:54]} 3. Bg2 {[%clk 01:31:38]} {[%emt 00:00:05]} d5 {[%clk
01:28:56]} {[%emt 00:00:38]} 4. cxd5 {[%clk 01:32:03]} {[%emt 00:00:06]} Nxd5
{[%clk 01:29:23]} {[%emt 00:00:02]} 5. Nf3 {[%clk 01:32:23]} {[%emt 00:00:09]}
Nc6 {[%clk 01:29:48]} {[%emt 00:00:06]} 6. O-O {[%clk 01:32:47]} {[%emt
00:00:06]} Nb6 {[%clk 01:29:46]} {[%emt 00:00:33]} 7. b3 {[%clk 01:33:08]}
{[%emt 00:00:09]} Bd6 {[%clk 01:29:40]} {[%emt 00:00:35]} 8. Bb2 {[%clk
01:33:19]} {[%emt 00:00:20]} O-O {[%clk 01:29:29]} {[%emt 00:00:41]} 9. d3
{[%clk 01:33:29]} {[%emt 00:00:20]} Re8 {[%clk 01:28:11]} {[%emt 00:01:47]} 10.
Nbd2 {[%clk 01:33:42]} {[%emt 00:00:17]} a5 {[%clk 01:27:13]} {[%emt 00:01:28]}
11. a3 {[%clk 01:31:20]} {[%emt 00:02:53]} Bf8 {[%clk 01:24:11]} {[%emt
00:03:31]} 12. Rc1 {[%clk 01:25:12]} {[%emt 00:06:38]} f6 {[%clk 01:22:21]}
{[%emt 00:02:19]} 13. Nh4 {[%clk 01:21:26]} {[%emt 00:04:17]} Be6 {[%clk
01:13:06]} {[%emt 00:09:45]} 14. Rxc6 {[%clk 01:03:26]} {[%emt 00:18:31]} bxc6
{[%clk 01:13:24]} {[%emt 00:00:12]} 15. Bxc6 {[%clk 01:03:53]} {[%emt
00:00:03]} Rb8 {[%clk 01:07:05]} {[%emt 00:06:49]} 16. Bxe8 {[%clk 01:03:26]}
{[%emt 00:00:57]} Qxe8 {[%clk 01:07:30]} {[%emt 00:00:05]} 17. Qc2 {[%clk
00:56:22]} {[%emt 00:07:33]} c5 {[%clk 01:05:11]} {[%emt 00:02:48]} 18. a4
{[%clk 00:49:16]} {[%emt 00:07:38]} Nd5 {[%clk 01:04:06]} {[%emt 00:01:34]} 19.
Rc1 {[%clk 00:48:29]} {[%emt 00:01:16]} Qf7 {[%clk 00:59:35]} {[%emt 00:05:02]}
20. Qd1 {[%clk 00:44:20]} {[%emt 00:04:40]} Nb4 {[%clk 00:58:42]} {[%emt
00:01:23]} 21. Nhf3 {[%clk 00:41:14]} {[%emt 00:03:35]} Rd8 {[%clk 00:52:14]}
{[%emt 00:06:58]} 22. Rb1 {[%clk 00:35:27]} {[%emt 00:06:17]} Bd5 {[%clk
00:50:00]} {[%emt 00:02:44]} 23. Qc1 {[%clk 00:31:31]} {[%emt 00:04:26]} Qb7
{[%clk 00:44:13]} {[%emt 00:06:17]} 24. Bc3 {[%clk 00:29:30]} {[%emt 00:02:32]}
Nc6 {[%clk 00:40:40]} {[%emt 00:04:02]} 25. Ne1 {[%clk 00:26:05]} {[%emt
00:03:55]} Nb4 {[%clk 00:34:22]} {[%emt 00:06:48]} 26. Nc2 {[%clk 00:25:01]}
{[%emt 00:01:34]} Be6 {[%clk 00:32:38]} {[%emt 00:02:14]} 27. Ne3 {[%clk
00:24:43]} {[%emt 00:00:48]} Nc6 {[%clk 00:29:57]} {[%emt 00:03:12]} 28. Qf1
{[%clk 00:23:37]} {[%emt 00:01:35]} Ra8 {[%clk 00:26:58]} {[%emt 00:03:29]} 29.
Qg2 {[%clk 00:22:31]} {[%emt 00:01:36]} Ra6 {[%clk 00:26:57]} {[%emt 00:00:31]}
30. Ndc4 {[%clk 00:13:10]} {[%emt 00:09:51]} Qc7 {[%clk 00:24:25]} {[%emt
00:03:03]} 31. Kh1 {[%clk 00:11:45]} {[%emt 00:01:54]} Nd4 {[%clk 00:23:30]}
{[%emt 00:01:25]} 32. f3 {[%clk 00:09:46]} {[%emt 00:02:30]} Be7 {[%clk
00:19:01]} {[%emt 00:04:58]} 33. g4 {[%clk 00:08:36]} {[%emt 00:01:40]} Bd8
{[%clk 00:18:17]} {[%emt 00:01:13]} 34. Qf2 {[%clk 00:08:33]} {[%emt 00:00:33]}
Qd7 {[%clk 00:16:52]} {[%emt 00:01:56]} 35. Qe1 {[%clk 00:08:03]} {[%emt
00:01:00]} Bc7 {[%clk 00:13:08]} {[%emt 00:04:14]} 36. Rb2 {[%clk 00:07:55]}
{[%emt 00:00:39]} Qd8 {[%clk 00:10:38]} {[%emt 00:03:00]} 37. Nd2 {[%clk
00:07:32]} {[%emt 00:00:52]} h5 {[%clk 00:08:28]} {[%emt 00:02:40]} 38. Ne4
{[%clk 00:05:56]} {[%emt 00:02:06]} hxg4 {[%clk 00:08:22]} {[%emt 00:00:37]} 39.
Nxc5 {[%clk 00:05:20]} {[%emt 00:01:06]} Rc6 {[%clk 00:03:59]} {[%emt
00:04:53]} 40. Nxe6 {[%clk 00:05:48]} {[%emt 00:00:02]} Rxe6 {[%clk 00:00:36]}
{[%emt 00:03:52]} 41. Nxg4 {[%clk 00:26:00]} {[%emt 00:10:17]} f5 {[%clk
00:26:23]} {[%emt 00:04:43]} 42. Ne3 {[%clk 00:23:13]} {[%emt 00:03:18]} Rg6
{[%clk 00:21:53]} {[%emt 00:04:59]} 43. Rb1 {[%clk 00:08:45]} {[%emt 00:14:58]}
e4 {[%clk 00:10:03]} {[%emt 00:12:20]} 44. Qf2 {[%clk 00:03:16]} {[%emt
00:05:59]} exf3 {[%clk 00:06:57]} {[%emt 00:03:36]} 45. Bxd4 {[%clk 00:01:58]}
{[%emt 00:01:49]} Qxd4 {[%clk 00:04:14]} {[%emt 00:03:13]} 46. Qxf3 {[%clk
00:02:26]} {[%emt 00:00:01]} Qh4 {[%clk 00:04:24]} {[%emt 00:00:19]} 47. Nf1
{[%clk 00:02:21]} {[%emt 00:00:36]} Qg5 {[%clk 00:04:28]} {[%emt 00:00:26]} 48.
Ng3 {[%clk 00:02:15]} {[%emt 00:00:36]} Rh6 {[%clk 00:03:32]} {[%emt 00:01:26]}
49. Rg1 {[%clk 00:02:23]} {[%emt 00:00:22]} Rh4 {[%clk 00:02:55]} {[%emt
00:01:08]} 50. Rg2 {[%clk 00:02:10]} {[%emt 00:00:43]} Qc1+ {[%clk 00:03:07]}
{[%emt 00:00:17]} 51. Rg1 {[%clk 00:02:12]} {[%emt 00:00:28]} Qh6 {[%clk
00:02:45]} {[%emt 00:00:52]} 52. Rg2 {[%clk 00:02:03]} {[%emt 00:00:39]} Qc1+
{[%clk 00:02:45]} {[%emt 00:00:31]} 53. Rg1 {[%clk 00:01:23]} {[%emt 00:01:10]}
Qh6 {[%clk 00:03:13]} {[%emt 00:00:01]} 54. Rg2 {[%clk 00:00:42]} {[%emt
00:01:12]} Qc1+ {[%clk 00:01:02]} {[%emt 00:02:41]} 1/2-1/2

[Event "FIDE World Cup 2025"]
[Site "Goa, India"]
[Date "2025.11.01"]
[Round "1.26"]
[White "Sargissian, Gabriel"]
[Black "Liyanage, Ranindu Dilshan"]
[Result "1-0"]
[TimeControl ": 90 minutes for the first 40 moves, followed by 30 minutes for the rest of the gamewith an increment of 30 seconds per move starting from move 1"]
[WhiteFideId "13300881"]
[BlackFideId "9915834"]
[WhiteElo "2624"]
[BlackElo "2401"]

1. c4 {[%clk 01:30:56]} {[%emt 00:00:03]} e6 {[%clk 01:30:29]} {[%emt
00:00:31]} 2. Nc3 {[%clk 01:30:55]} {[%emt 00:00:31]} d5 {[%clk 01:30:34]}
{[%emt 00:00:25]} 3. d4 {[%clk 01:31:17]} {[%emt 00:00:08]} Nf6 {[%clk
01:30:52]} {[%emt 00:00:12]} 4. cxd5 {[%clk 01:31:40]} {[%emt 00:00:08]} exd5
{[%clk 01:31:16]} {[%emt 00:00:06]} 5. Bg5 {[%clk 01:32:05]} {[%emt 00:00:05]}
Bb4 {[%clk 01:30:52]} {[%emt 00:00:54]} 6. e3 {[%clk 01:30:33]} {[%emt
00:02:02]} h6 {[%clk 01:30:36]} {[%emt 00:00:46]} 7. Bxf6 {[%clk 01:30:38]}
{[%emt 00:00:25]} Qxf6 {[%clk 01:30:57]} {[%emt 00:00:10]} 8. Rc1 {[%clk
01:30:46]} {[%emt 00:00:21]} O-O {[%clk 01:21:03]} {[%emt 00:10:24]} 9. a3
{[%clk 01:30:36]} {[%emt 00:00:41]} Bxc3+ {[%clk 01:21:11]} {[%emt 00:00:21]}
10. Rxc3 {[%clk 01:31:00]} {[%emt 00:00:05]} c6 {[%clk 01:13:43]} {[%emt
00:07:59]} 11. Qf3 {[%clk 01:31:12]} {[%emt 00:00:17]} Nd7 {[%clk 01:07:53]}
{[%emt 00:06:21]} 12. Bd3 {[%clk 01:28:20]} {[%emt 00:03:22]} Qxf3 {[%clk
01:03:31]} {[%emt 00:04:52]} 13. gxf3 {[%clk 01:27:18]} {[%emt 00:01:32]} Nf6
{[%clk 00:57:53]} {[%emt 00:06:08]} 14. Ne2 {[%clk 01:24:25]} {[%emt 00:03:24]}
Bd7 {[%clk 00:51:57]} {[%emt 00:06:25]} 15. h4 {[%clk 01:20:50]} {[%emt
00:04:05]} Rac8 {[%clk 00:50:24]} {[%emt 00:02:04]} 16. Kd2 {[%clk 01:16:12]}
{[%emt 00:05:07]} Ne8 {[%clk 00:47:25]} {[%emt 00:03:30]} 17. h5 {[%clk
01:05:01]} {[%emt 00:11:40]} Nd6 {[%clk 00:43:17]} {[%emt 00:04:38]} 18. Nf4
{[%clk 01:02:46]} {[%emt 00:02:45]} Bf5 {[%clk 00:40:00]} {[%emt 00:03:48]} 19.
Be2 {[%clk 00:58:16]} {[%emt 00:04:59]} a5 {[%clk 00:35:53]} {[%emt 00:04:38]}
20. b3 {[%clk 00:50:13]} {[%emt 00:08:33]} a4 {[%clk 00:28:13]} {[%emt
00:08:10]} 21. b4 {[%clk 00:46:59]} {[%emt 00:03:43]} b5 {[%clk 00:27:08]}
{[%emt 00:01:36]} 22. Rcc1 {[%clk 00:41:14]} {[%emt 00:06:14]} Rfe8 {[%clk
00:26:26]} {[%emt 00:01:12]} 23. Rcg1 {[%clk 00:40:52]} {[%emt 00:00:52]} Rcd8
{[%clk 00:23:33]} {[%emt 00:03:23]} 24. Rh2 {[%clk 00:36:50]} {[%emt 00:04:31]}
Rd7 {[%clk 00:22:10]} {[%emt 00:01:54]} 25. Rhg2 {[%clk 00:36:34]} {[%emt
00:00:47]} f6 {[%clk 00:22:32]} {[%emt 00:00:07]} 26. Rc1 {[%clk 00:35:44]}
{[%emt 00:01:19]} Nc4+ {[%clk 00:18:48]} {[%emt 00:04:15]} 27. Bxc4 {[%clk
00:36:06]} {[%emt 00:00:08]} bxc4 {[%clk 00:19:15]} {[%emt 00:00:03]} 28. Rcg1
{[%clk 00:33:19]} {[%emt 00:03:15]} Kf8 {[%clk 00:17:12]} {[%emt 00:02:33]} 29.
Kc3 {[%clk 00:28:38]} {[%emt 00:05:11]} Rb7 {[%clk 00:16:13]} {[%emt 00:01:31]}
30. Rh2 {[%clk 00:26:38]} {[%emt 00:02:29]} Rd7 {[%clk 00:15:59]} {[%emt
00:00:44]} 31. Rh4 {[%clk 00:26:32]} {[%emt 00:00:35]} Kg8 {[%clk 00:12:34]}
{[%emt 00:03:57]} 32. Kd2 {[%clk 00:25:10]} {[%emt 00:01:51]} Rb8 {[%clk
00:11:59]} {[%emt 00:01:05]} 33. Ne2 {[%clk 00:25:20]} {[%emt 00:00:20]} Bd3
{[%clk 00:10:04]} {[%emt 00:02:26]} 34. Nc3 {[%clk 00:25:07]} {[%emt 00:00:42]}
Kf8 {[%clk 00:08:24]} {[%emt 00:02:11]} 35. Ra1 {[%clk 00:22:35]} {[%emt
00:03:01]} Ra8 {[%clk 00:08:08]} {[%emt 00:00:46]} 36. Ra2 {[%clk 00:22:13]}
{[%emt 00:00:52]} Kg8 {[%clk 00:04:52]} {[%emt 00:03:47]} 37. Rb2 {[%clk
00:21:38]} {[%emt 00:01:04]} Rb8 {[%clk 00:05:08]} {[%emt 00:00:14]} 38. Ra2
{[%clk 00:19:20]} {[%emt 00:02:49]} Ra8 {[%clk 00:05:18]} {[%emt 00:00:20]} 39.
Ra1 {[%clk 00:19:20]} {[%emt 00:00:30]} Kf8 {[%clk 00:05:13]} {[%emt 00:00:35]}
40. Rg4 {[%clk 00:17:04]} {[%emt 00:02:45]} Bf5 {[%clk 00:05:00]} {[%emt
00:00:43]} 41. Rf4 {[%clk 00:16:09]} {[%emt 00:01:23]} Bh7 {[%clk 00:04:32]}
{[%emt 00:01:01]} 42. Rg1 {[%clk 00:14:17]} {[%emt 00:02:20]} Bd3 {[%clk
00:02:49]} {[%emt 00:02:14]} 43. Na2 {[%clk 00:09:32]} {[%emt 00:05:15]} Re8
{[%clk 00:01:19]} {[%emt 00:02:00]} 44. Nc1 {[%clk 00:08:50]} {[%emt 00:01:12]}
Bh7 {[%clk 00:01:38]} {[%emt 00:00:11]} 45. Ne2 {[%clk 00:04:01]} {[%emt
00:05:19]} Bd3 {[%clk 00:29:34]} {[%emt 00:02:34]} 46. Ng3 {[%clk 00:32:41]}
{[%emt 00:01:49]} Bh7 {[%clk 00:26:44]} {[%emt 00:03:21]} 47. Rg4 {[%clk
00:28:48]} {[%emt 00:04:22]} Rb8 {[%clk 00:24:42]} {[%emt 00:02:32]} 48. Kc3
{[%clk 00:27:23]} {[%emt 00:01:56]} Rbd8 {[%clk 00:24:29]} {[%emt 00:00:44]} 49.
Rd1 {[%clk 00:25:38]} {[%emt 00:02:15]} Bd3 {[%clk 00:23:20]} {[%emt 00:01:38]}
50. Rxd3 {[%clk 00:21:52]} {[%emt 00:04:16]} cxd3 {[%clk 00:23:44]} {[%emt
00:00:06]} 51. Nf5 {[%clk 00:21:37]} {[%emt 00:00:45]} Rb8 {[%clk 00:19:45]}
{[%emt 00:04:29]} 52. Kxd3 {[%clk 00:21:14]} {[%emt 00:00:54]} Rb5 {[%clk
00:15:31]} {[%emt 00:04:44]} 53. Rg1 {[%clk 00:21:15]} {[%emt 00:00:28]} Rb6
{[%clk 00:15:41]} {[%emt 00:00:20]} 54. f4 {[%clk 00:21:15]} {[%emt 00:00:30]}
Rb5 {[%clk 00:15:00]} {[%emt 00:01:11]} 55. Nh4 {[%clk 00:19:27]} {[%emt
00:02:15]} Rb6 {[%clk 00:11:34]} {[%emt 00:03:59]} 56. Ng6+ {[%clk 00:19:04]}
{[%emt 00:00:53]} Kf7 {[%clk 00:11:06]} {[%emt 00:00:58]} 57. f5 {[%clk
00:19:24]} {[%emt 00:00:10]} Rd6 {[%clk 00:10:59]} {[%emt 00:00:37]} 58. Nf4
{[%clk 00:19:16]} {[%emt 00:00:38]} Rb7 {[%clk 00:11:09]} {[%emt 00:00:20]} 59.
Rc1 {[%clk 00:19:07]} {[%emt 00:00:39]} Rb6 {[%clk 00:10:49]} {[%emt 00:00:50]}
60. f3 {[%clk 00:18:27]} {[%emt 00:01:10]} Rb8 {[%clk 00:10:48]} {[%emt
00:00:32]} 61. Kd2 {[%clk 00:11:41]} {[%emt 00:07:15]} Rb6 {[%clk 00:10:47]}
{[%emt 00:00:30]} 62. Rc3 {[%clk 00:11:14]} {[%emt 00:00:58]} Rb7 {[%clk
00:09:05]} {[%emt 00:02:12]} 63. Kd3 {[%clk 00:10:40]} {[%emt 00:01:03]} Rb6
{[%clk 00:09:18]} {[%emt 00:00:18]} 64. e4 {[%clk 00:10:13]} {[%emt 00:00:57]}
dxe4+ {[%clk 00:09:06]} {[%emt 00:00:41]} 65. fxe4 {[%clk 00:10:39]} {[%emt
00:00:05]} Rb7 {[%clk 00:08:34]} {[%emt 00:01:03]} 66. Ne6 {[%clk 00:10:12]}
{[%emt 00:00:56]} Ke8 {[%clk 00:08:41]} {[%emt 00:00:23]} 67. Rc5 {[%clk
00:08:42]} {[%emt 00:02:00]} Ra7 {[%clk 00:08:22]} {[%emt 00:00:49]} 68. Kc4
{[%clk 00:08:35]} {[%emt 00:00:36]} Kd7 {[%clk 00:07:36]} {[%emt 00:01:17]} 69.
Nxg7 {[%clk 00:07:00]} {[%emt 00:02:06]} Ra8 {[%clk 00:07:48]} {[%emt
00:00:18]} 70. Ra5 {[%clk 00:05:37]} {[%emt 00:01:52]} Rxa5 {[%clk 00:04:53]}
{[%emt 00:03:25]} 71. bxa5 {[%clk 00:06:06]} {[%emt 00:00:02]} c5 {[%clk
00:04:34]} {[%emt 00:00:49]} 72. dxc5 {[%clk 00:04:31]} {[%emt 00:02:04]} Rd1
{[%clk 00:04:35]} {[%emt 00:00:29]} 73. Ne6 {[%clk 00:04:06]} {[%emt 00:00:55]}
Rc1+ {[%clk 00:04:19]} {[%emt 00:00:46]} 74. Kd5 {[%clk 00:03:18]} {[%emt
00:01:18]} Rc3 {[%clk 00:04:42]} {[%emt 00:00:07]} 75. a6 {[%clk 00:03:07]}
{[%emt 00:00:41]} Kc8 {[%clk 00:05:07]} {[%emt 00:00:06]} 76. c6 {[%clk
00:03:24]} {[%emt 00:00:12]} Rd3+ {[%clk 00:04:21]} {[%emt 00:01:15]} 77. Kc4
{[%clk 00:03:25]} {[%emt 00:00:30]} Re3 {[%clk 00:04:46]} {[%emt 00:00:06]} 78.
Nc5 {[%clk 00:01:39]} {[%emt 00:02:16]} Kb8 {[%clk 00:05:01]} {[%emt 00:00:16]}
79. c7+ {[%clk 00:01:36]} {[%emt 00:00:32]} Kc8 {[%clk 00:05:15]} {[%emt
00:00:16]} 80. a7 {[%clk 00:01:53]} {[%emt 00:00:14]} 1-0

[Event "FIDE World Cup 2025"]
[Site "Goa, India"]
[Date "2025.11.01"]
[Round "1.27"]
[White "Thavandiran, Shiyam"]
[Black "Yuffa, Daniil"]
[Result "1/2-1/2"]
[TimeControl ": 90 minutes for the first 40 moves, followed by 30 minutes for the rest of the gamewith an increment of 30 seconds per move starting from move 1"]
[WhiteFideId "2605058"]
[BlackFideId "24131423"]
[WhiteElo "2402"]
[BlackElo "2621"]

1. e4 {[%clk 01:30:24]} {[%emt 00:00:36]} c5 {[%clk 01:30:37]} {[%emt
00:00:23]} 2. Nf3 {[%clk 01:30:37]} {[%emt 00:00:17]} Nc6 {[%clk 01:30:55]}
{[%emt 00:00:12]} 3. d4 {[%clk 01:30:30]} {[%emt 00:00:37]} cxd4 {[%clk
01:31:14]} {[%emt 00:00:11]} 4. Nxd4 {[%clk 01:30:53]} {[%emt 00:00:07]} Nf6
{[%clk 01:31:34]} {[%emt 00:00:09]} 5. Nc3 {[%clk 01:31:05]} {[%emt 00:00:19]}
e5 {[%clk 01:31:53]} {[%emt 00:00:11]} 6. Ndb5 {[%clk 01:30:44]} {[%emt
00:00:52]} d6 {[%clk 01:32:12]} {[%emt 00:00:11]} 7. Bg5 {[%clk 01:26:53]}
{[%emt 00:04:21]} a6 {[%clk 01:30:57]} {[%emt 00:01:45]} 8. Na3 {[%clk
01:27:06]} {[%emt 00:00:16]} b5 {[%clk 01:31:05]} {[%emt 00:00:22]} 9. Nab1
{[%clk 01:27:02]} {[%emt 00:00:34]} Be7 {[%clk 01:29:22]} {[%emt 00:02:13]} 10.
Bxf6 {[%clk 01:22:09]} {[%emt 00:05:24]} Bxf6 {[%clk 01:29:40]} {[%emt
00:00:12]} 11. a4 {[%clk 01:19:38]} {[%emt 00:03:01]} b4 {[%clk 01:29:10]}
{[%emt 00:00:59]} 12. Nd5 {[%clk 01:20:02]} {[%emt 00:00:07]} O-O {[%clk
01:27:38]} {[%emt 00:02:02]} 13. Nd2 {[%clk 01:17:46]} {[%emt 00:02:46]} Bg5
{[%clk 01:26:13]} {[%emt 00:01:55]} 14. Nc4 {[%clk 01:16:47]} {[%emt 00:01:29]}
Rb8 {[%clk 01:08:13]} {[%emt 00:18:30]} 15. h4 {[%clk 00:50:41]} {[%emt
00:26:36]} Bh6 {[%clk 01:06:03]} {[%emt 00:02:40]} 16. a5 {[%clk 00:46:06]}
{[%emt 00:05:05]} Be6 {[%clk 00:59:54]} {[%emt 00:06:40]} 17. c3 {[%clk
00:29:02]} {[%emt 00:17:33]} bxc3 {[%clk 00:52:58]} {[%emt 00:07:26]} 18. bxc3
{[%clk 00:29:20]} {[%emt 00:00:12]} Ne7 {[%clk 00:48:42]} {[%emt 00:04:46]} 19.
Ncb6 {[%clk 00:25:03]} {[%emt 00:04:46]} Bxd5 {[%clk 00:42:48]} {[%emt
00:06:25]} 20. exd5 {[%clk 00:21:59]} {[%emt 00:03:34]} Nc8 {[%clk 00:38:23]}
{[%emt 00:04:55]} 21. Nc4 {[%clk 00:21:38]} {[%emt 00:00:50]} e4 {[%clk
00:32:44]} {[%emt 00:06:09]} 22. Ne3 {[%clk 00:19:00]} {[%emt 00:03:08]} Qc7
{[%clk 00:28:58]} {[%emt 00:04:16]} 23. Qd2 {[%clk 00:15:21]} {[%emt 00:04:09]}
Ne7 {[%clk 00:28:14]} {[%emt 00:01:14]} 24. Bxa6 {[%clk 00:15:10]} {[%emt
00:00:41]} Nxd5 {[%clk 00:27:43]} {[%emt 00:01:01]} 25. O-O {[%clk 00:13:31]}
{[%emt 00:02:10]} Nxe3 {[%clk 00:26:07]} {[%emt 00:02:06]} 26. fxe3 {[%clk
00:13:58]} {[%emt 00:00:02]} Ra8 {[%clk 00:22:31]} {[%emt 00:04:07]} 27. Be2
{[%clk 00:11:52]} {[%emt 00:02:36]} Rxa5 {[%clk 00:19:20]} {[%emt 00:03:41]} 28.
g4 {[%clk 00:04:15]} {[%emt 00:08:06]} d5 {[%clk 00:17:55]} {[%emt 00:01:56]}
29. Kg2 {[%clk 00:04:10]} {[%emt 00:00:35]} g6 {[%clk 00:14:10]} {[%emt
00:04:15]} 30. Rxa5 {[%clk 00:04:03]} {[%emt 00:00:37]} Qxa5 {[%clk 00:14:35]}
{[%emt 00:00:05]} 31. Rd1 {[%clk 00:04:00]} {[%emt 00:00:32]} Qc5 {[%clk
00:13:38]} {[%emt 00:01:28]} 32. g5 {[%clk 00:02:54]} {[%emt 00:01:36]} Bg7
{[%clk 00:14:03]} {[%emt 00:00:06]} 33. Qxd5 {[%clk 00:01:41]} {[%emt
00:01:42]} Qxe3 {[%clk 00:14:27]} {[%emt 00:00:06]} 34. Qd2 {[%clk 00:01:46]}
{[%emt 00:00:25]} Qc5 {[%clk 00:13:21]} {[%emt 00:01:35]} 35. Qd5 {[%clk
00:01:22]} {[%emt 00:00:55]} Qxc3 {[%clk 00:10:42]} {[%emt 00:03:09]} 36. Qxe4
{[%clk 00:01:42]} {[%emt 00:00:10]} Be5 {[%clk 00:10:38]} {[%emt 00:00:33]} 37.
Rd3 {[%clk 00:01:42]} {[%emt 00:00:30]} Qb2 {[%clk 00:10:50]} {[%emt 00:00:19]}
38. Rd7 {[%clk 00:00:46]} {[%emt 00:01:25]} Bb8 {[%clk 00:08:58]} {[%emt
00:02:24]} 39. Qf3 {[%clk 00:00:31]} {[%emt 00:00:44]} Qa2 {[%clk 00:05:25]}
{[%emt 00:04:02]} 40. Qe4 {[%clk 00:00:38]} {[%emt 00:00:23]} Rc8 {[%clk
00:03:11]} {[%emt 00:02:45]} 41. Qe7 {[%clk 00:22:35]} {[%emt 00:08:33]} Rf8
{[%clk 00:16:28]} {[%emt 00:17:13]} 42. Rd8 {[%clk 00:22:22]} {[%emt 00:00:43]}
Qxe2+ {[%clk 00:16:25]} {[%emt 00:00:33]} 43. Qxe2 {[%clk 00:22:47]} {[%emt
00:00:05]} Rxd8 {[%clk 00:16:53]} {[%emt 00:00:02]} 44. Qe7 {[%clk 00:19:53]}
{[%emt 00:03:23]} Rf8 {[%clk 00:17:18]} {[%emt 00:00:05]} 45. Kf3 {[%clk
00:16:58]} {[%emt 00:03:25]} Rc8 {[%clk 00:16:40]} {[%emt 00:01:09]} 46. Qb7
{[%clk 00:14:10]} {[%emt 00:03:17]} Rf8 {[%clk 00:15:58]} {[%emt 00:01:13]}
1/2-1/2